| 000 | 00642nam a2200193 i 4500 | ||
|---|---|---|---|
| 001 | 167580 | ||
| 003 | ES-MaACL | ||
| 005 | 20250418063159.0 | ||
| 008 | 170821s1970 sp |||| | spa d | ||
| 080 | _a821.13.2-14"19" | ||
| 100 | 1 |
_aMartín Descalzo, José Luis, _d1930-1991 _977470 |
|
| 245 | 1 | 0 |
_aQuerido mundo terrible / _cJosé Luis Martín Descalzo. |
| 260 |
_aMadrid : _bCultura Hispánica, _c1970. |
||
| 300 |
_a82 p. ; _c20 cm. |
||
| 490 | 1 |
_aColección poética "Leopoldo Panero" ; _v13 |
|
| 830 | 1 |
_aColección poética "Leopoldo Panero" ; _v13 _9182594 |
|
| 852 |
_aES-MaACL _jP-2 Nº 13 |
||
| 999 |
_c167580 _d167580 |
||